Cvičebnica slovenského jazyka pre 4. ročník ZŠ s vyučovacím jazykom maďarským /
Uložené v:
| Hlavní autori: | , , |
|---|---|
| Ďalší autori: | |
| Médium: | Kniha |
| Jazyk: | Slovak |
| Vydané: |
Bratislava :
Slovenské pedagogické nakladateľstvo,
1985.
|
| Vydanie: | 2. vyd. |
| ISBN: |
(viaz.) |
| Fyzický popis: |
257 s. : il. ; 21 cm. |
| Tagy: |
Pridať tag
Žiadne tagy, Buďte prvý kto otaguje tento záznam!
|
Titul je dostupný aj v ... 

MARC
| LEADER | 00000nam a2200000 4500 | ||
|---|---|---|---|
| 001 | 000409821 | ||
| 005 | 20121112174312.0 | ||
| 008 | 931125s1985 xo e slo d | ||
| 020 | |a (viaz.) |c Kčs 12,00 | ||
| 040 | |a SVKKK |b slo |c SVKKK |e AACR2 | ||
| 041 | 0 | |a slo | |
| 044 | |a xo |c SK | ||
| 100 | 1 | |a Bertóková, Mária |4 aut | |
| 245 | 1 | 0 | |a Cvičebnica slovenského jazyka pre 4. ročník ZŠ s vyučovacím jazykom maďarským / |c Mária Bertók-Benkovič, Júlia Dombrovská, Flóra Rýlová-Jánosková ; il. Viktor Holečko. |
| 250 | |a 2. vyd. | ||
| 260 | |a Bratislava : |b Slovenské pedagogické nakladateľstvo, |c 1985. | ||
| 300 | |a 257 s. : |b il. ; |c 21 cm. | ||
| 500 | |a Súbežný maď. názov | ||
| 700 | 1 | |a Rýľová-Jánosková, Flóra, |d 1920-2000 |4 aut | |
| 700 | 1 | |a Holečko, Viktor |4 ill | |
| 700 | 1 | |a Dombrovská, Júlia |4 aut | |
| 910 | |a svkkk | ||
| 998 | |a BK | ||
| 090 | |g SCKHL |k Sklad Pribinova 2. posch. |a II.305012 |j 709793 |i B271966 |s Absenčne | ||